| 000 -LEADER |
| fixed length control field |
00656nam a22002177a 4500 |
| 001 - CONTROL NUMBER |
| control field |
10903 |
| 003 - CONTROL NUMBER IDENTIFIER |
| control field |
BD-DhUAP |
| 005 - DATE AND TIME OF LATEST TRANSACTION |
| control field |
20200225120642.0 |
| 008 - FIXED-LENGTH DATA ELEMENTS--GENERAL INFORMATION |
| fixed length control field |
200225s2006 ko a|||| |||| 00| 0 eng d |
| 020 ## - INTERNATIONAL STANDARD BOOK NUMBER |
| International Standard Book Number |
8987223361 |
| 040 ## - CATALOGING SOURCE |
| Original cataloging agency |
BD-DhUAP |
| Language of cataloging |
Eng |
| Transcribing agency |
BD-DhUAP |
| Modifying agency |
BD-DhUAP |
| 082 ## - DEWEY DECIMAL CLASSIFICATION NUMBER |
| Edition number |
23 |
| Classification number |
712.0951 JEO |
| 100 ## - MAIN ENTRY--PERSONAL NAME |
| Personal name |
Jeong, Kwang-Young. |
| 245 ## - TITLE STATEMENT |
| Title |
Hwaseong Newton model complex competition / |
| Statement of responsibility, etc. |
Kwang-Young Jeong. |
| 260 ## - PUBLICATION, DISTRIBUTION, ETC. |
| Place of publication, distribution, etc. |
Seoul : |
| Name of publisher, distributor, etc. |
Archiworld, |
| Date of publication, distribution, etc. |
2006. |
| 300 ## - PHYSICAL DESCRIPTION |
| Extent |
209 pages : |
| Other physical details |
illustrations ; |
| Dimensions |
30 cm. |
| 490 ## - SERIES STATEMENT |
| Series statement |
New Town Project-1. |
| 650 ## - SUBJECT ADDED ENTRY--TOPICAL TERM |
| Topical term or geographic name entry element |
Landscape architecture |
| Geographic subdivision |
Korea (South) . |
| 650 ## - SUBJECT ADDED ENTRY--TOPICAL TERM |
| Topical term or geographic name entry element |
Landscape architecture. |
| 942 ## - ADDED ENTRY ELEMENTS (KOHA) |
| Source of classification or shelving scheme |
|
| Koha item type |
Book |